| 000 | 00552nam a22001577a 4500 | ||
|---|---|---|---|
| 082 |
_a620.0091415 _bTRA _cN-01,P-109 |
||
| 110 |
_aAmerican Society of Civil Engineering _938079 |
||
| 245 |
_aTransaction of the American Society of Civil Engineering _cASCE _bAmerican Society of Civil Engineering |
||
| 250 | _avolumn151 | ||
| 260 |
_aNew York _bPublished by the society _c1987 |
||
| 300 |
_a468p.: _bill.; _c15 cm. |
||
| 526 |
_a0 _b0 _c0 _d620_009141500000000_TRA |
||
| 526 |
_a0 _b0 _c0 _d620_009141500000000_TRA |
||
| 650 |
_aMCE _9379 |
||
| 942 |
_2ddc _cBK |
||
| 999 |
_c544853 _d544853 |
||